000 02987nkm0a2200445 4500
001 RU\NLR\bibl\2084898
005 20250806203903.0
020 _aRU
_b464
_9ЛЕНИНГРАД В ВЕЛИКОЙ ОТЕЧЕСТВЕННОЙ ВОЙНЕ: Печать Ленинграда, 1941 - 1945: каталог изданий, хранящихся в фондах Государственной Публичной библиотеки, вып.2. Листовки,плакаты,открытки,альбомы/Гос.публ.б-ка им.М.Е.Салтыкова-Щедрина. - Ленинград,1972
035 _a(NLR Aleph) 010196571
090 _a78055
_c78055
100 _a20131031j1944 u y0rusy50 ca
101 0 _arus
102 _aRU
105 _ay z |||||
135 _acrcn 024apada
200 1 _aПлан боевой и политической подготовки офицерского, сержантского и рядового состава частей и штабов Местной ПВО г. Ленинграда на апрель-декабрь месяцы 1944 г.
_eУтв. нач. Местной ПВО г. Ленинграда ген.-майор Лагуткин 25 марта 1944 г.
210 _aЛенинград
_d1944, март
215 _a1 с.
_d28x40
300 _aПодписи: начальник Штаба Местной ПВО г. Ленинграда подполковник Трегубов; врио нач. 2-го Отдела, капитан Никаноров
325 _aКопия доступна в Электрон. б-ке РНБ http://vivaldi.nlr.ru/ll000074987/view
337 _aЭлектронная копия доступна в Электронной библиотеке РНБ
606 1 _aБлокада Ленинграда
_z1941 - 1944
_jЛистовки
_2nlr_sh1
_2nlr_sh2
_3RU\NLR\AUTH\661253360
686 _aТ3(2)722.721,011
686 _aЦ35(2)722.11(2Р-4Ле-2Ленинград),011
702 1 _aЛагуткин
_bЕ. С.
_f1900-1983
_gЕмельян Сергеевич
_4570
702 1 _aТрегубов
_bВ. Р.
_cполковник
_gВадим Ростиславович
_4570
702 1 _aНиканоров
_cкапитан ПВО
_4570
711 0 2 _aЛенинградский городской штаб МПВО
801 0 _aRU
_bNLR
_c19720101
_gPSBO
801 1 _aRU
_bNLR
_c20131031
_gRCR
852 _aNLR
_bЛ3-330л
_j8/3-4
856 0 _uhttp://vivaldi.nlr.ru/ll000074987/view
856 1 _uhttp://vivaldi.nlr.ru/ll000074987/cover
856 2 _uhttp://vivaldi.nlr.ru/ll000074987/text
942 _cBOOK
945 _aРоссийская национальная библиотека
980 _aBV
981 3 7 _a(37) Ленинград в Великой Отечественной войне
_b(37) Анонсы, расписания, информационные сообщения